Špecifiká kontrolingu v podmienkach malých a stredných podnikov na Slovensku

Vývoj a definícia kontroligu ako nástroja riadenia podniku. Špecifiká malých a stredných podnikov vo vzťahu ku kontrolingu. Koncepcia kontrolingu v malých a stredných podnikoch. Ciele a možnosti organizačného začlenenia kontrolingu v malých a v stredných podnikoch. Organizačná štruktúra podniku Bať...

Ausführliche Beschreibung

Gespeichert in:
Bibliographische Detailangaben
1. Verfasser: Levický, Michal
Weitere Verfasser: Hudáková, Monika, Stacho, Zdenko, Stachová, Katarína
Format: Buchkapitel
Sprache:Slowakisch
Schlagworte:
Tags: Tag hinzufügen
Keine Tags, Fügen Sie das erste Tag hinzu!

MARC

LEADER 00000naa a2200000 4500
001 0250661
005 20220718124006.0
041 0 |a slo 
044 |a SK 
245 1 0 |a Špecifiká kontrolingu v podmienkach malých a stredných podnikov na Slovensku  |c Michal Levický, Monika Hudáková, Zdenko Stacho, Katarína Stachová 
520 |a Vývoj a definícia kontroligu ako nástroja riadenia podniku. Špecifiká malých a stredných podnikov vo vzťahu ku kontrolingu. Koncepcia kontrolingu v malých a stredných podnikoch. Ciele a možnosti organizačného začlenenia kontrolingu v malých a v stredných podnikoch. Organizačná štruktúra podniku Baťa z roku 1937. 
610 2 0 |a podnik malý 
610 2 0 |a podnik stredný 
610 2 0 |a Slovensko 
610 2 0 |a kontroling 
610 2 0 |a účtovníctvo nákladové 
610 2 0 |a stratégia podniková 
100 1 |a Levický, Michal 
700 1 |a Hudáková, Monika 
700 1 |a Stacho, Zdenko 
700 1 |a Stachová, Katarína